000 00423cam a2200181ua 4500
020 _c4.00
041 _ahin
_h
082 _a891.54
_bBHO/KA
100 _aBholanand, Tiwari .
245 _aKavi Prasad /
_cBholanad Tiwari.
_hTextual Documents
250 _a1 /
_b.
260 _aDelhi :
_bRajkamal Prakash ,
_c1958.
300 _a169 ; .
365 _a4.00
504 _a
942 _cBK
999 _c6437
_d6437